| 000 | 00406nam a2200169Ia 4500 | ||
|---|---|---|---|
| 008 | 230524s9999 xx 000 0 und d | ||
| 020 | _a8177000063 | ||
| 082 |
_a537.23 _bSET |
||
| 100 | _aS.P.Seth | ||
| 245 | 0 | _aElements of Electromagnetic Fields | |
| 250 | _a2ND | ||
| 260 |
_aNEW DELHI _bDhanpat Rai _c2005 |
||
| 300 | _a392 | ||
| 500 | _aQuantity Number: 3 | ||
| 650 | _aElectrical | ||
| 942 | _cBK | ||
| 999 |
_c10312 _d10312 |
||